Galatasaray Record Transfers - Statistics

General Stats
  • This quiz has been taken 898 times
  • The average score is 6 of 10
Answer Stats
Year Country Position From Transfer Fee Player % Correct
2011-2012 Uruguay GK Lazio Roma 6,75M€ Fernando Muslera
89%
2012-2013 Netherlands MD Inter Milan 7,5M€ Wesley Sneijder
84%
2000-2001 Brazil FW FC Porto 17,05M€ Mario Jardel
82%
2013-2014 Portugal MD Sporting Lisbon 10M€ Bruma
66%
2012-2013 Morocco MD Kayserispor 8,6M€ Nordin Amrabat
66%
2013-2014 Cameroon DF Lille OSC 6,3M€ Aurélien Chedjou
53%
2013-2014 Brazil DF Grêmio 6,15M€ Alex Telles
48%
2009-2010 Ivory Coast FW Olympique Lyon 7,5M€ Kader Keïta
40%
2009-2010 Brazil MD Manchester City 7M€ Elano
37%
2010-2011 Bosnia MD Wolfsburg 8,5M€ Zvjezdan Misimovic
32%
No matching quizzes found
Score Distribution
Percent of People with Each Score
Percentile by Number Answered
Your Score History
You have not taken this quiz